Quranic Perspective of Conduct of War & a Way Forward for Pakistan / (Record no. 593164)
[ view plain ]
| 000 -LEADER | |
|---|---|
| fixed length control field | 00758nam a22001577a 4500 |
| 003 - CONTROL NUMBER IDENTIFIER | |
| control field | NUST |
| 005 - DATE AND TIME OF LATEST TRANSACTION | |
| control field | 20230209084825.0 |
| 008 - FIXED-LENGTH DATA ELEMENTS--GENERAL INFORMATION | |
| fixed length control field | 230209b ||||| |||| 00| 0 eng d |
| 020 ## - INTERNATIONAL STANDARD BOOK NUMBER | |
| International Standard Book Number | 9789693530704 |
| 082 ## - DEWEY DECIMAL CLASSIFICATION NUMBER | |
| Classification number | 954.0317,HAQ |
| 245 ## - TITLE STATEMENT | |
| Title | Quranic Perspective of Conduct of War & a Way Forward for Pakistan / |
| Statement of responsibility, etc. | Mian Zahoor Ul Haq |
| 260 ## - PUBLICATION, DISTRIBUTION, ETC. | |
| Place of publication, distribution, etc. | Lahore, Pakistan. |
| Name of publisher, distributor, etc. | Sang-e-Meel Publications |
| Date of publication, distribution, etc. | Jul 2017 |
| 300 ## - PHYSICAL DESCRIPTION | |
| Extent | 222.pages |
| 505 ## - FORMATTED CONTENTS NOTE | |
| Formatted contents note | Introduction (Page-1), Statecraft (Page-7), Conduct of War (Page-29), Myths vis a vis truth (Page-57), Applicability of concept in 21st Century (Page-69), War in other religions (Page-95), Deviations and the silver lining (Page-121), The way forward (Page-153), Conclusion (Page-155). |
| 942 ## - ADDED ENTRY ELEMENTS (KOHA) | |
| Source of classification or shelving scheme | |
| Koha item type | Book |
| Call number prefix | 954.0317,HAQ |
| Withdrawn status | Lost status | Source of classification or shelving scheme | Damaged status | Not for loan | Permanent Location | Current Location | Shelving location | Date acquired | Total Checkouts | Full call number | Barcode | Date last seen | Price effective from | Koha item type | Public note |
|---|---|---|---|---|---|---|---|---|---|---|---|---|---|---|---|
| Military College of Signals (MCS) | Military College of Signals (MCS) | General Stacks | 02/09/2023 | 954.0317,HAQ | MCS38568 | 02/09/2023 | 02/09/2023 | Book | Almirah No. 61, Shelf No. 5 | ||||||
| Military College of Signals (MCS) | Military College of Signals (MCS) | General Stacks | 02/09/2023 | 954.0317,HAQ | MCS38569 | 02/09/2023 | 02/09/2023 | Book | Almirah No. 61, Shelf No. 5 |
